| 000 | 01014nam a2200229 a 4500 | ||
|---|---|---|---|
| 001 | 000041036 | ||
| 005 | 20201002034553.0 | ||
| 008 | 130920s2002 sp 000 0 spa d | ||
| 040 |
_aDO-SdBNP _bspa _cBNPHU |
||
| 245 | 0 | 3 |
_aLa Colección Canónica Hispana. Concilios hispánana / _cGonzálo Martínez Díez, S.I. y Félix Rodríguez. |
| 246 | 1 | 4 |
_aConcilios griegos y africanos : _btercera parte |
| 260 |
_aMadrid : _bConsejo Superior de Investigaciones Científicas : _bInstituto Enrique Flórez, _c2002. |
||
| 300 |
_av. (558 p.) ; _c24 cm. |
||
| 490 | 1 |
_aMonumenta Hispaniae Sacra _aCanónica ; 3 |
|
| 504 | _aIncluye referencias bibliográficas y notas al pie de las páginas | ||
| 500 | _aLa biblioteca posee el v. 3 | ||
| 505 | 0 |
_av. 3 _tConcilios griegos y africanos |
|
| 700 | 1 |
_aMartínez Díez, Gonzalo _d1924- _eed. _967525 |
|
| 700 | 1 |
_aaRodríguez, Félix _eed. _967526 |
|
| 710 | 2 |
_aConsejo Superior de Investigaciones Científicas _94786 |
|
| 830 | 0 |
_aMonumenta Hispaniae Sacra _pCanónica ; _n3 _967527 |
|
| 999 |
_c40526 _d40526 |
||